Statistiques concernant Pays et Capitales d'Europe

Cliquez ici pour prendre le quiz!

Statistiques générales

  • Ce quiz a été pris 4 144 fois
  • Le résultat moyen est 29 sur 45

Réponses sur la Carte

Les réponses sont colorées sur une échelle allant du rouge au vert en fonction du pourcentage des utilisateurs qui les ont devinées à leur premier essai. Vous pouvez retrouver ces pourcentages ci-dessous.
 

Statistiques - réponses

Pays Capitale% Correct
France, Paris
98%
Espagne, Madrid
93%
Italie, Rome
92%
Allemagne, Berlin
91%
Portugal, Lisbonne
90%
Belgique, Bruxelles
87%
Irlande, Dublin
84%
Luxembourg, Luxembourg
82%
Pays-Bas, Amsterdam
82%
Royaume-Uni, Londres
82%
Russie, Moscou
82%
Grèce, Athènes
80%
Suisse, Berne
80%
Norvège, Oslo
78%
Ukraine, Kiev
77%
Autriche, Vienne
76%
Pologne, Varsovie
75%
Finlande, Helsinki
73%
Suède, Stockholm
73%
Danemark, Copenhague
72%
Monaco, Monaco
70%
Roumanie, Bucarest
66%
Vatican, Vatican
66%
Hongrie, Budapest
65%
Croatie, Zagreb
64%
Andorre, Andorre-la-Vieille
59%
République tchèque, Prague
58%
Bulgarie, Sofia
56%
Saint-Marin, Saint-Marin
56%
Biélorussie, Minsk
55%
Islande, Reykjavik
54%
Lettonie, Riga
52%
Albanie, Tirana
48%
Lituanie, Vilnius
48%
Malte, La Valette
48%
Estonie, Tallinn
43%
Serbie, Belgrade
42%
Slovaquie, Bratislava
42%
Bosnie-Herzégovine, Sarajevo
38%
Liechtenstein, Vaduz
38%
Moldavie, Chișinău
36%
Kosovo, Pristina
33%
Slovénie, Ljubljana
33%
Macédoine, Skopje
30%
Monténégro, Podgorica
30%

Distribution des résultats

Percentile par nombre de réponses

% des personnes avec chaque résultat

Votre développement - résultats

Vous n’avez pas pris ce quiz